Stati e Iniziali delle Capitali - Quiz n°7 - Statistics

Statistiche generali
  • Questo quiz è stato fatto 29 volte
  • Il punteggio medio è 9 su 10
Statistiche sulle risposte
Hint Risposta % Corretto
Romania B
100%
Belgio B
100%
Lussemburgo L
100%
Nuova Zelanda W
100%
Nepal K
96%
Armenia E
85%
Afghanistan K
85%
El Salvador S
85%
Sierra Leone F
62%
Liberia M
50%
Nessun quiz corrispondente trovato
Distribuzione punteggi
Percentuale di utenti per punteggio
Percentile per numero di risposta
I tuoi punteggi nel tempo
Non hai fatto questo quiz